000 00407nam a2200157Ia 4500
008 210716s2003 xx 000 0 und d
020 _a9780130463289
041 _aeng
082 _a519.5 EVAJ
100 _aEvans, James R.
245 _aEssentials of business statistics.
250 _a1
260 _aNew Jersey
_bPrentice Hall
_c2003
300 _axvi,328
650 _aStatistical Mathematics(519.5)
999 _c201186
_d201186